000 00918nam a2200265 i 4500
003 IT-RoINE
005 20190114060857.0
008 960102m19882004sp 00 glg
020 _a8470394401 (O.c.)
020 _a8470395394 (t. 3)
040 _aSpMaBN
_cSpMaBN IT-RoINE
_dIT-RoINE
100 1 _aAlfonso
_bX,
_cRey de Castilla,
_99397
_d1221-1284
245 1 0 _aCantigas de Santa María /
_cAlfonso X, el Sabio ; edición, introducción y notas de Walter Mettmann.
260 _aMadrid :
_bCastalia,
_c1988-2004.
300 _a3 v. ;
_c18 cm.
336 _2rdacontent
_atext
337 _2rdamedia
_aunmediated
338 _2rdacarrier
_avolume
490 1 _aClásicos Castalia ;
_v134, 172, 178
500 _aIncluye índice.
504 _aIncluye referencias bibliográficas.
700 1 _aMettmann, Walter,
_d1926-
_955951
830 0 _934162
_aClásicos Castalia ;
_v134, 172, 178
942 _cMTS
999 _c28391
_d28391